书目信息 |
| 题名: |
日本历史
|
|
| 作者: | 井上清 著 ;天津市历史研究所 译校 | |
| 分册: | 上册 | |
| 出版信息: | 天津 天津人民出版社 1975 |
|
| 页数: | 342页 | |
| 开本: | 20cm | |
| 丛书名: | ||
| 单 册: | ||
| 中图分类: | K313.0 | |
| 科图分类: | ||
| 主题词: | 历史--日本 | |
| 电子资源: | ||
| ISBN: | ||
| 000 | 00698nam0 2200241 45 | |
| 001 | 0175003318 | |
| 005 | 20040513085247.8 | |
| 010 | @dCNY1.00 | |
| 100 | @a19950927d1975 em y0chiy0121 ea | |
| 101 | 1 | @achi@cjpn |
| 102 | @aCN@b120000 | |
| 105 | @ay z 000yy | |
| 106 | @ar | |
| 200 | 10 | @a日本历史@h上册@Ari ben li shi@f(日)井上清著@g天津市历史研究所译校 |
| 210 | @a天津@c天津人民出版社@d1975 | |
| 215 | @a342页@d20cm | |
| 606 | @a历史@y日本 | |
| 690 | @aK313.0@v3 | |
| 701 | 0 | @a井上清@Ajing shang qing@4著 |
| 712 | 02 | @a天津市历史研究所@Atian jin shi li shi yan jiu suo@4译校 |
| 801 | 0 | @aCN@b广东省中山图书馆@c20040513 |
| 801 | 2 | @aCN@bNLC@c20040513 |
| 905 | @f1@b228410@dK313.0@e23:1 | |
| 日本历史.上册/(日)井上清著/天津市历史研究所译校.-天津:天津人民出版社,1975 |
| 342页;20cm |
| ISBN :CNY1.00 |
| ● |
| 相关链接 |
|
|
|
|
正题名:日本历史
索取号:K313.0/23:1
 
预约/预借
| 序号 | 登录号 | 条形码 | 馆藏地/架位号 | 状态 | 备注 |
| 1 | 0228410 | 000359089 | 第二样本阅览室/ [索取号:K313.0/23:1] | 在馆 |